000 00999nas a2200289 4500
001 BR2013009536
003 BR-BrBNA
005 20231205123259.0
007 ta
008 230509b bl.|||p| |||| 00| 00por d
040 _aBR-BrBNA
_bpor
_cBiblioteca Nacional de Agricultura
041 _a(En)
072 _aQ04; Q02; U10
100 1 _aSena, A.R. de
100 1 _aValasques Júnior, G.L.
100 1 _aBarretto, I.K.S.P.
100 1 _aAssis, S.A.
245 1 _aApplication of Doehlert experimental design in the optimization of experimental variables for the Pseudozyma sp. (CCMB 306)and Pseudozyma sp. (CCMB 300)cell lysis
650 _aFERMENTO
650 _aENZIMA
650 _aMODELO MATEMÁTICO
650 _aPH
773 0 _tCiência e Tecnologia de Alimentos (Brazil)
_xISSN 1678-457X
_g(Oct-Dec 2012), v. 32(4) p. 762-767
_wBR2013009536
856 4 0 _uhttp://www.scielo.br/pdf/cta/v32n4/aop_cta_4910.pdf
909 _a202311
_bLúcia
_c55
_dLúcia Elande
942 _2AGRIS
_n0
_cANA
999 _c233092
_d233092